000 00255nam a2200097Ia 4500
001 690666
005 20250826161820.0
008 250824s9999 xx 000 0 und d
245 0 _aİslam Mezhepleri Tarihi
_cDoç. Dr. Mehmet Kubat
260 _bKİTAP DÜNYASI
999 _c690666
_d690666